Where am I?? #19 - Statistics

General Stats
  • This quiz has been taken 50 times
  • The average score is 6 of 6
Answer Stats
Instructions Answer Hint % Correct
Say 1 to receive your hint! 1 European.
100%
Say 2 to receive your hint! 2 And it's quite mountainous.
100%
Say 3 to receive your hint! 3 So this place speaks French, huh.
100%
Say 4 to receive your hint! 4 It's Switzerland.
100%
Say 5 to receive your hint! 5 Wait, wasn't there a convention here?
98%
Name the city! Geneva
79%
No matching quizzes found
Score Distribution
Percent of People with Each Score
Percentile by Number Answered
Your Score History
You have not taken this quiz